000 00438nam a22001697a 4500
003 NUST-PNEC
005 20170114142543.0
008 140709b xxu||||| |||| 00| 0 eng d
040 _cPNEC
082 _a510 YUS
100 _99
_aYusuf S.M
245 _aKey to Mathematical methods
_cS. M. Yusuf
260 _aLahore
_bIlmi Kitab Khana Urdu Bazar, Lahore
300 _aiv, 776p. :
_bill. :
_c21 cm.
650 _xEE, EL
942 _2ddc
_cBK
999 _c60163
_d60163